00553nam a2200193 a 4500001001300000003000900013005001700022008004100039020000900080082001900089100001800108245004800126260004700174300000900221500003500230505003900265650003700304700001800341nice12345678IN_TiNIC20260116012400.0050524s1982 mada grp 000 0 eng  ac2000a261.80954bSHI aShiri, Godwin aChristian Social Thought in India 1962-1977 aMadrasbChristian Literature Societyc1982 a195p aincludes index and biblioraphy2 aOriginal Text and Notes in English aChurch and Social Problems-India1 aShiri, Godwin